000 01274nam a2200373 c 4500
001 47397
003 ES-MaCES
005 20160414142524.0
008 160413s2016 sp o000 ||spa d
017 _aM 3531-2016
_bDL
020 _a9788432317408
040 _aES-MaCES
_bspa
_cES-MaCES
041 1 _aspa
_hger
100 1 _936717
_aWikander, Ulla
245 1 0 _aDe criada a empleada
_b: poder, sexo y división del trabajo
_cUlla Wikander ; trad. de José Antonio Padilla Villate
260 _aTres Cantos (Madrid)
_bSiglo XXI de España
_c[2016]
300 _a190 p.
_c22 cm
500 _aTraducción de: Von der Mad zur Angestellten
504 _aBibliografía: p. 183-187
541 _cCompra
650 4 _adivisión del trabajo
_929376
650 4 _adivisión del trabajo por sexo
_930439
650 4 _asegmentación del mercado de trabajo
_929566
650 4 _adiscriminación por razones de sexo
_929521
650 4 _aideología política
_927239
650 4 _ateoría social
_927032
650 4 _a1789-1950
_936719
650 4 _ahistoria
_927251
653 1 0 _aCiencias Sociales-Políticas
700 1 _936718
_aPadilla Villate, José Antonio
_etr.
740 0 2 _aVon der Mad zur Angestellten
902 _aLIB Libro
942 _2CES
_cBK
_h7.0.
999 _c47397
_d47397